000 00493nam a2200169Ia 4500
003 GCL
008 140319s9999 xx 000 0 ara d
040 _aGCL /
_cGCL
082 0 4 _aد
_b050
100 1 _aابراهيم البساطى
245 1 0 _aوحدة العرب ( اقرا 216 ) /
_cابراهيم البساطى
300 _a216
490 _aوثائق ونصوص
_v0
650 0 4 _aالوحدة العربية
650 0 4 _aالعالم العربى - تاريخ
942 _2ddc
_cCF
999 _c27405
_d27405